Estado y economía ante la crisis actual en América Latina (Fotocopia parcial)
Gespeichert in:
| 1. Verfasser: | |
|---|---|
| Format: | Text |
| Veröffentlicht: |
s.l.:
s.e
|
| Tags: |
Tag hinzufügen
Keine Tags, Fügen Sie den ersten Tag hinzu!
|
MARC
| LEADER | 00000 a a2200000 04500 | ||
|---|---|---|---|
| 001 | 23674 | ||
| 003 | |||
| 040 | |||
| 090 | |a 165700 | ||
| 100 | |a Arancibia C., Armando | ||
| 245 | |a Estado y economía ante la crisis actual en América Latina (Fotocopia parcial) | ||
| 260 | |a s.l.: |b s.e | ||
| 300 | |a pp. 33-51 | ||
| 999 | |c 13137 |d 13137 | ||
